Quiz sur l'Aube - Statistiques

Statistiques générales
  • Ce quiz a été pris 432 fois
  • Le résultat moyen est 15 sur 20
Statistiques - réponses
Question Réponse % Correct
Numéro du département 10
99%
Région Grand-Est
97%
Préfecture et plus grande ville Troyes
97%
Fleuve qui traverse le département. Seine
95%
Marne
92%
L'Aube est un des seuls départements à pouvoir produire cette boisson pétillante. Champagne
89%
Haute-Marne
86%
Parc d'attraction parmi les plus populaires de France dont la mascotte est un hérisson. Nigloland
82%
Yonne
76%
Seine-et-Marne
72%
Gentilé Aubois
68%
Étonnant, une fête célèbre ce plat typiquement alsacien à Brienne-le-Château. Choucroute
68%
Départements limitrophes Côte-d'Or
68%
Parc naturel régional de l'est du département. Parc naturel régional de la Forêt d'Orient
64%
Sous-préfectures Bar-sur-Aube
62%
Humoriste né à Fontaine-Luyères en 1954 connu pour son humour noir. Jean-Marie Bigard
55%
Nogent-sur-Seine
55%
Mon premier est une unité commerciale. Mon second est une structure dédiée à la fabrication, la transformation ou la production. Mon tout est un type d'entreprise né dans le département vendant directement du fabricant au consommateur afin d'écouler les fins de série ou surstocks. Magasin d'usine
45%
Sculptrice dont un musée est dédié dans le département. Camille Claudel
41%
Nombre d'habitants (arrondi à la dizaine de milliers d'habitants) 310 000 (310 020)
38%
Aucun quiz correspondant
Distribution des résultats
% des personnes avec chaque résultat
Percentile par nombre de réponses
Votre historique - résultats
Vous n’avez pas pris ce quiz